| 000 | 00791nam a2200241 a 4500 | ||
|---|---|---|---|
| 001 | 000012964 | ||
| 005 | 20200929163118.0 | ||
| 008 | 091118s1999 mx 000 0 spa d | ||
| 020 | _a968788116X | ||
| 040 |
_aDO-SdBNP _bspa _cBNPHU |
||
| 082 |
_aP862.44 _bA662ó |
||
| 100 | 1 |
_aArango Restrepo, Alfredo A. _929883 |
|
| 245 | 1 | 0 |
_aObras / _cAlfredo A. Arango Restrepo ; editor, Edgar Ceballos ; prólogo, Hugo Argüelles. |
| 260 |
_aMéxico : _bEscenología, _c1999. |
||
| 300 |
_a399 p. ; _c21 cm. |
||
| 490 | 1 |
_aEscenología _v16 _aDrama |
|
| 650 | 4 |
_aTeatro argentino _94843 |
|
| 650 | 4 |
_aLiteratura argentina _ySIGLO XX _914711 |
|
| 700 | 1 |
_aCeballos, Edgar, _eed. _929884 |
|
| 700 | 1 |
_aArgüelles, Hugo, _epról. _929885 |
|
| 830 | 0 |
_aEscenología ; _v16 _pDrama. _929886 |
|
| 049 | _aBNGR | ||
| 999 |
_c12611 _d12611 |
||